One Piece Skypiea Saga Characters - Statistics

General Stats
  • This quiz has been taken 272 times
  • The average score is 36 of 59
Answer Stats
Picture Answer % Correct
Monkey D. Luffy
100%
Nami
100%
Zoro
99%
Nico Robin
98%
Sanji
98%
Tony Tony Chopper
98%
Usopp
98%
Marshall D. Teach
89%
Shanks
88%
Buggy
87%
Edward Newgate
85%
Alvida
84%
Bellamy
84%
Donquixote Doflamingo
84%
Dracule Mihawk
84%
Enel
84%
Bartholomew Kuma
82%
Yasopp
78%
Sengoku
77%
Mont Blanc Noland
75%
Benn Beckman
71%
Lucky Roux
66%
Jesus Burgess
64%
Jaygarcia Saturn
63%
Mont Blanc Cricket
63%
Wyper
63%
Doc Q
62%
Gan Fall
62%
Laffitte
62%
Richie
62%
Cabaji
61%
Tsuru
60%
Van Augur
58%
Mohji
57%
Conis
55%
Pierre
52%
Marcus Mars
50%
Satori
50%
Stronger
50%
Ohm
48%
Kalgara
47%
Rockstar
46%
Masira
44%
Aisa
43%
Gedatsu
42%
Topman Warcury
41%
Shepherd Ju Peter
40%
Pagaya
37%
Ethanbaron V. Nusjuro
34%
Shoujou
34%
Nola
33%
Sarquis
32%
Shura
32%
Hotori and Kotori
30%
Braham
24%
Kamakiri
24%
Raki
21%
Mousse
17%
Fuza
13%
No matching quizzes found
Score Distribution
Percent of People with Each Score
Percentile by Number Answered
Your Score History
You have not taken this quiz